Music Quiz

Random Music or Bands Quiz

Band Names by Literal Images Quiz Stats

Quiz Updated Oct 16, 2014

Also try: Divided Bands
Challenge
Share
Tweet
Score 0/18 Timer 05:00
4 Plays Today
% Correct
Pearl Jam
95%
The Smashing Pumpkins
94.9%
Bee Gees
94.3%
Rolling Stones
89.8%
Owl City
84.9%
Counting Crows
84.6%
Spice Girls
84.2%
Pussycat Dolls
79.4%
Arctic Monkeys
77.3%
% Correct
Blind Melon
75.6%
Spin Doctors
73.6%
Jefferson Airplane
67.1%
Pink Floyd
66.7%
Partridge Family
48.8%
Molly Hatchet
45.4%
Gin Blossoms
39.3%
Crowded House
32.8%
Lovin' Spoonful
20.8%

You're not logged in!

Compare scores with friends on all Sporcle quizzes.
Sign Up with Email
OR
Log In

You Might Also Like...

Show Comments

Extras

Top Quizzes Today


Score Distribution

Your Account Isn't Verified!

In order to create a playlist on Sporcle, you need to verify the email address you used during registration. Go to your Sporcle Settings to finish the process.